header

Folktales from the moose of Burkina Faso (Record no. 82214)

MARC details
000 -LEADER
fixed length control field 01078nam a2200277Ia 4500
100 1# - MAIN ENTRY--AUTHOR NAME
Personal name Sissao, Alain-Joseph.
245 10 - TITLE STATEMENT
Title Folktales from the moose of Burkina Faso
260 ## - PUBLICATION, DISTRIBUTION, ETC. (IMPRINT)
Place of publication Cameroon :
Name of publisher Langaa RPCIG,
Year of publication 2010.
300 ## - PHYSICAL DESCRIPTION
Number of Pages xvi, 118 p.
650 #0 - SUBJECT ADDED ENTRY--TOPICAL TERM
Topical Term Folklore
Topical Term Fairy tales
700 1# - ADDED ENTRY--PERSONAL NAME
Personal name Tanti, Nina.
856 40 - ELECTRONIC LOCATION AND ACCESS
Uniform Resource Identifier http://site.ebrary.com/lib/rucke/Doc?id=10405183

No items available.

© 2026 Rongo University
Contact us: librarian | system librarian | Rongo university